00619nam a2200157Ia 4500082002100000245006600021260003900087300000800126500014300134650003900277650002200316650002800338650003700366650003400403700002400437 aRR 920.7203 ENC- 0aEncyclopedia of women biography : India, Pakistan, Bangladesh aNew DelhibA.P.H. Publishingc2001 a3v. aContents: Vol.1 A-G (81-7648-262-5) (xxxviii,547p.). - v.2 H-O (81-7648-263-3) (xxxviii,478p.). - v.3 P-Z (81-7648-264-1) (xxxviii,499p.). aWomen - Encyclopedias - Bangladesh aWomen - Biography aCelebrities - Biography aWomen - Encyclopedias - Pakistan aWomen - Encyclopedias - India aSingh, Nagendra Kr.